Viac ako príbeh (čo spôsobuje SF literatúra)

Bibliographic Details
Main Author: Malíček, Juraj, 1974- (Author)
Format: Article
Language:Slovak
ISSN:0231-6714
Subjects:

MARC

LEADER 00000nab a2200000 a 4500
001 vtls000691860
003 SK-MaSNL
005 20260303043652.0
008 131120c1999 xo 0 slo
015 |a SNBRB1999/05-11833 
035 |a CLN000044027 
040 |a SNKBUCL  |b slo  |c SNKBUCL  |e AACR2 
041 0 |a slo 
044 |a xo  |c SK 
080 |a 885.4-4  |2 1997 
080 |a 82.0:82-1/-9  |2 1997 
100 1 |a Malíček, Juraj,  |d 1974-  |4 aut  |9 210464 
245 1 0 |a Viac ako príbeh  |b (čo spôsobuje SF literatúra)  |c Juraj Gajo Malíček 
504 |a Bibliogr. odkazy 
504 |a Biogr. údaje 
650 0 7 |a vedecko-fantastická literatúta  |2 snkbucl  |9 1031388 
655 7 |a eseje  |2 snkbucl  |9 57030 
655 7 |a články z novín a časopisov  |2 snkbucl  |9 267496 
773 0 |t Romboid  |g Roč. 34, č. 1-2 (1999), s. 74-84  |x 0231-6714 
850 |a Slovenská národná knižnica v Martine 
852 |a SNK  |b KIS3GCP 
958 |a LX 
958 |a NB 
992 |a RBX 
999 |c 1697845  |d 1699775